Cultural anthropology today

Đã lưu trong:
书目详细资料
主要作者: Berreman, Gerald
格式: 图书
语言:Undetermined
出版: California CRM Books, Del Mar 1971
主题:
标签: 添加标签
没有标签, 成为第一个标记此记录!
Thư viện lưu trữ: Trung tâm Học liệu Trường Đại học Cần Thơ
LEADER 00479nam a2200181Ia 4500
001 CTU_90008
008 210402s9999 xx 000 0 und d
082 |a 301.2 
082 |b B533 
100 |a Berreman, Gerald 
245 0 |a Cultural anthropology today 
245 0 |c Gerald Berreman 
260 |a California 
260 |b CRM Books, Del Mar 
260 |c 1971 
650 |a Ethnology 
904 |i Ngọc Loan,Hải 
980 |a Trung tâm Học liệu Trường Đại học Cần Thơ